A history of Indian literature: (Record no. 178770)

MARC details
000 -LEADER
fixed length control field 00750nam a22002057a 4500
005 - DATE AND TIME OF LATEST TRANSACTION
control field 20210413113820.0
010 ## - LCCN (DPL NO)
LC control number B-739790
020 ## - INTERNATIONAL STANDARD BOOK NUMBER
International Standard Book Number 8126021713
Terms of availability 200.00
035 ## - SYSTEM CONTROL NUMBER
System control number B-739790
037 ## - SOURCE OF ACQUISITION
Source of stock number/acquisition Gift
082 ## - DEWEY DECIMAL CLASSIFICATION NUMBER
Classification number 891.109
100 ## - MAIN ENTRY--PERSONAL NAME
Personal name Das, Sisir Kumar
245 ## - TITLE STATEMENT
Title A history of Indian literature:
Remainder of title 500-1399 from courtly to the popular /
Statement of responsibility, etc by Sisir Kumar Das
260 ## - PUBLICATION, DISTRIBUTION, ETC. (IMPRINT)
Place of publication, distribution, etc New Delhi
Name of publisher, distributor, etc Sahitya Akademi
Date of publication, distribution, etc 2005
270 ## - ADDRESS
Address Rabindra Bhawan, 35 Ferozeshah Road,
City New Delhi
Postal code 110001
300 ## - PHYSICAL DESCRIPTION
Extent ix, 302p.
Dimensions 24cm(Hb)
500 ## - GENERAL NOTE
General note includes index
942 ## - ADDED ENTRY ELEMENTS (KOHA)
Source of classification or shelving scheme Dewey Decimal Classification
Item type English Books
Call number suffix DAS
Classification part 891.109
Holdings
Withdrawn status Lost status Not for loan Collection code Home library Current library Date acquired Source of acquisition Cost, normal purchase price Full call number Barcode Copy number Cost, replacement price Koha item type Public note
      Non-fiction Central Library Central Library 13/04/2021 Gift/Eng/05-04-2021 200.00 891.109 DAS B-739790 1 200.00 English Books Gift

© Delhi Public Library
Hit Counter
free hit counter